Statistics for Countries of the World Quiz - Copy (WITHOUT ISLANDS)

Click here to take the quiz!

General Stats

  • This quiz has been taken 518 times
  • The average score is 127 of 170

Answers on the Map

Answers color-coded by a green-red scale on the quiz's map according to % correct below.
 

Answer Stats

Country% Correct
Canada
97%
United States
96%
Mexico
95%
Brazil
94%
United Kingdom
94%
France
93%
Russia
93%
Argentina
92%
Chile
92%
China
92%
Germany
92%
Spain
92%
Denmark
91%
Finland
91%
Iceland
91%
India
91%
Ireland
91%
Italy
91%
Sweden
91%
Australia
90%
Egypt
90%
Iran
90%
Norway
90%
Poland
90%
Portugal
90%
Turkey
90%
Ukraine
90%
Colombia
89%
Mongolia
89%
Peru
89%
Iraq
88%
Pakistan
88%
Saudi Arabia
88%
Switzerland
88%
Japan
87%
Austria
86%
Belgium
86%
Greece
86%
Madagascar
86%
Netherlands
86%
Niger
86%
South Africa
86%
South Korea
86%
Sudan
86%
Indonesia
85%
Israel
85%
Nigeria
85%
North Korea
85%
Romania
85%
Bolivia
84%
Cuba
84%
Democratic Republic
of the Congo
84%
Kazakhstan
84%
Morocco
84%
Oman
84%
Somalia
84%
Uruguay
84%
Venezuela
84%
Yemen
84%
Chad
83%
Estonia
83%
Ethiopia
83%
Libya
83%
New Zealand
83%
Panama
83%
Vietnam
83%
Algeria
82%
Belarus
82%
Hungary
82%
Paraguay
82%
South Sudan
82%
Syria
82%
Thailand
82%
Croatia
81%
Jordan
81%
Laos
81%
Latvia
81%
Nepal
81%
Philippines
81%
Afghanistan
80%
Lithuania
80%
United Arab Emirates
80%
Mali
79%
Serbia
79%
Cambodia
78%
Czech Republic
78%
Dominican Republic
78%
Ecuador
77%
Haiti
77%
Slovakia
77%
Albania
76%
Bangladesh
76%
Georgia
76%
Kenya
76%
Myanmar
76%
Tunisia
76%
Bosnia and
Herzegovina
75%
Bulgaria
75%
Republic of the Congo
75%
Guatemala
74%
North Macedonia
74%
Sri Lanka
74%
Nicaragua
73%
Papua New Guinea
73%
Slovenia
73%
Malaysia
72%
Moldova
72%
Qatar
71%
Turkmenistan
71%
Uzbekistan
71%
Zimbabwe
71%
Angola
70%
Costa Rica
70%
El Salvador
70%
Honduras
70%
Kosovo
70%
Taiwan
70%
Lebanon
69%
Luxembourg
69%
Mozambique
69%
Cyprus
68%
Montenegro
68%
Namibia
68%
Armenia
67%
Botswana
67%
Central African Republic
67%
Guyana
67%
Azerbaijan
66%
Bhutan
65%
Ghana
65%
Guinea
65%
Ivory Coast
65%
Togo
65%
Zambia
65%
Suriname
64%
Tanzania
64%
Belize
63%
Cameroon
63%
Tajikistan
63%
Eritrea
62%
Uganda
62%
Kuwait
61%
Rwanda
61%
Jamaica
60%
Kyrgyzstan
59%
Liberia
59%
Vatican City
59%
Lesotho
58%
Senegal
58%
Djibouti
57%
Mauritania
57%
Andorra
56%
Benin
55%
Equatorial Guinea
51%
Eswatini
51%
Gabon
51%
Gambia
51%
Liechtenstein
51%
Burkina Faso
50%
Singapore
50%
Sierra Leone
47%
Burundi
46%
Malawi
45%
San Marino
45%
Monaco
42%
Brunei
41%
Guinea-Bissau
39%
East Timor
35%
Tuvalu
14%
Vanuatu
11%

Score Distribution

Percentile by Number Answered

Percent of People with Each Score

Your Score History

You have not taken this quiz